| 000 | 01081nam a2200265 a 4500 | ||
|---|---|---|---|
| 001 | 000007356 | ||
| 005 | 20200929154137.0 | ||
| 008 | 090908s1991 dr abd 001 0 spa d | ||
| 040 | _aDO-SdBNP | ||
| 082 |
_a617.632 _bT233e |
||
| 100 | 1 |
_aTaveras García, Héctor Darío, _d1943- _920460 |
|
| 245 | 1 | 0 |
_aEnfermedad periodontal en la República Dominicana / _cHéctor Darío Taveras García. |
| 246 | 0 | 3 | _bEstudio sobre prevalencia e incidencia |
| 260 |
_aSanto Domingo : _bUniversidad Autonóma de Santo Domingo, _c1991. |
||
| 300 |
_a144 p. : _bil., gráf., map. ; _c21 cm. |
||
| 490 | 1 |
_aPublicaciones de la Universidad Autonóma de Santo Domingo, _v643 |
|
| 490 | 1 |
_aSalud y sociedad _vNo. 18 |
|
| 500 | _aIncluye datos biográficos del autor en la contracubierta. | ||
| 504 | _aIncluye referencias bibliográficas (p. 141-143) | ||
| 650 | 4 |
_aEnfermedades periodontal _zRepública Dominicana _920457 |
|
| 650 | 4 |
_aEpidemiologia clinica _920461 |
|
| 830 | 0 |
_aUniversidad Autonóma de Santo Domingo _v643 _917164 |
|
| 830 | 0 |
_aSalud y sociedad _vNo. 18 _913999 |
|
| 049 | _aBNPD | ||
| 999 |
_c7137 _d7137 |
||